Test: Nissan Almera Tino kompaktný japonský rodinný minivan

Bibliographic Details
Main Author: Vydarený, Juraj (Author)
Format: Article
Language:Slovak
PhysicalDescription:Fotogr.
ISSN:1335-4701
Subjects:

MARC

LEADER 00000nab a2200000 a 4500
001 vtls000770085
003 SK-MaSNL
005 20260302153833.0
008 140301c2001 xo 0 slo
015 |a SNBRB2001/10-29083 
035 |a CLN000121872 
040 |a SNKBUCL  |b slo  |c SNKBUCL  |e AACR2 
041 0 |a slo 
044 |a xo  |c SK 
080 |a 629.114.6  |2 1997 
100 1 |a Vydarený, Juraj  |4 aut  |9 848211 
245 1 0 |a Test: Nissan Almera Tino  |b kompaktný japonský rodinný minivan  |c Juraj Vydarený 
300 |b Fotogr. 
650 0 7 |a Nissan Almera Tino (minivan)  |x parametre technické  |2 snkbucl  |9 849553 
650 0 7 |a minivany  |2 snkbucl  |9 849554 
655 7 |a články z novín a časopisov  |2 snkbucl  |9 267496 
773 0 |t Hospodárske noviny  |g Roč. 9, č. 169 (3.9.2001), s. 16  |x 1335-4701 
850 |a Slovenská národná knižnica v Martine 
852 |a SNK  |b KIS3GCP 
992 |a RBX 
999 |c 1366613  |d 1368543